000
00322nam a22001457a 4500
008
230901b ||||| |||| 00| 0 eng d
020
_a
9630514168
041
_a
eng
080
_a
51
082
_a
51SZA
100
_a
24
101
_a
MATEM
245
_a
THE BEGINNINGS OF GREEK MATHEMATICS
_c
SZABO.A
942
_2
udc
_c
BK
999
_c
60244
_d
60244